Central Library OPAC University of Rajshahi

মহর্ষি দেবেন্দ্রনাথ ঠাকুর / (Record no. 78594)

MARC details
000 -LEADER
fixed length control field 01011aaa a2200217 a 4500
001 - CONTROL NUMBER
control field 78594
003 - CONTROL NUMBER IDENTIFIER
rucl marc code BD-RjUL
005 - DATE AND TIME OF LATEST TRANSACTION
control field 20211209083139.0
008 - FIXED-LENGTH DATA ELEMENTS--GENERAL INFORMATION
fixed length control field 211018s1971 ii ||||| |||| 00| 0cben d
035 ## - SYSTEM CONTROL NUMBER
System control number (BD-RjUL)78820
040 ## - CATALOGING SOURCE
Original cataloging agency BD-RjUL
Language of cataloging eng
Transcribing agency BD-RjUL
Modifying agency BD-RjUL
041 ## - LANGUAGE CODE
Language code of text/sound track or separate title ben
082 ## - DEWEY DECIMAL CLASSIFICATION NUMBER
Edition number 23
Classification number 294.5092
Author mark and year CHM 1971
100 1# - MAIN ENTRY--PERSONAL NAME
Personal name চক্রবর্তী, অজিতকুমার
9 (RLIN) 249127
245 10 - TITLE STATEMENT
Title মহর্ষি দেবেন্দ্রনাথ ঠাকুর /
Statement of responsibility, etc. অজিতকুমার চক্রবর্তী,
260 ## - PUBLICATION, DISTRIBUTION, ETC. (IMPRINT)
Place of publication, distribution, etc. কলিকাতা :
Name of publisher, distributor, etc. জিজ্ঞাসা ,
Date of publication, distribution, etc. ১৯৭১
300 ## - PHYSICAL DESCRIPTION
Pagination [১৪], ৬০৭ পৃ. ;
Size ২২ সেমি
600 ## - SUBJECT ADDED ENTRY--PERSONAL NAME
Personal name ঠাকুর, মহর্ষি দেবেন্দ্রনাথ
Fuller form of name [মহর্ষি দেবেন্দ্রনাথ ঠাকুর,]
Dates associated with a name ১৫ মে ,১৮১৭ - ১৯ জানুয়ারি, ১৯০৫
650 ## - SUBJECT ADDED ENTRY--TOPICAL TERM
Topical term or geographic name as entry element জীবনী
9 (RLIN) 249129
942 ## - ADDED ENTRY ELEMENTS (KOHA)
Source of classification or shelving scheme Dewey Decimal Classification
Koha item type Books
Holdings
Lost status Source of classification or shelving scheme Damaged status Not for loan Collection code Permanent Location Current Location Shelving location Date acquired Source of acquisition Cost, normal purchase price Total Checkouts Full call number Date last seen Date checked out Copy number Koha item type
  Dewey Decimal Classification     Non-fiction Central Library, University of Rajshahi Central Library, University of Rajshahi   23/11/1978 kolikata India International 25.00 1 B 294.5092 CHM 1971 23/11/2021 21/10/2021 C-2 Books